000 00446nam a2200145Ia 4500
003 OSt
005 20260130122519.0
008 211028s2018 xx 000 0 und d
040 _cAIMIT LIBRARY
041 _aeng
100 _aShamsuddin, Shifa; D Souza, Lestan.
_g1616184
_97937
245 _aStudy on quality of work life of nurses in Yenepoya Hospital Kodialbail Mangalore /
260 _aMangalore
_bRavi Kudtarkar.
_c2018
942 _2ddc
_cPRO
999 _c219505
_d219505